[Event "11th Rubinstein Memorial"]
[Site "Polanica Zdroj POL"]
[Date "1973.08.22"]
[Round "13"]
[White "Pribyl, Josef"]
[Black "Dvoretsky, Mark"]
[Result "1/2-1/2"]
[WhiteElo "2440"]
[BlackElo "2485"]
[EventDate "1973.08.05"]
[PlyCount "30"]

1.c4 Nf6 2.Nf3 e6 3.g3 b6 4.Bg2 Bb7 5.O-O Be7 6.b3 O-O 7.Bb2 d5 8.e3 c5 9.
Nc3 Nc6 10.cxd5 Nxd5 11.Nxd5 exd5 12.d4 Rc8 13.Qd2 Qd6 14.Rfd1 Rfd8 15.
Rac1 a5 1/2-1/2